Bytový dom

Uložené v:
Podrobná bibliografia
Hlavný autor: Gencs, Gergely, 1988- (Autor)
Ďalší autori: Vavrovič, Boris, 1971- (Vedúci práce)
Médium: Rukopis Kniha
Jazyk:Slovak
Vydavateľské údaje: Bratislava : STU v Bratislave SvF, 2013
Predmet:
On-line prístup:VAIS
https://opac.crzp.sk/?fn=detailBiblioForm&sid=0A8AE641E757DE606EB613A6A9A3
Tagy: Pridať tag
Žiadne tagy, Buďte prvý, kto otaguje tento záznam!

MARC

LEADER 00000ntm a22000003a 4500
001 stu271830
005 20230825132049.6
008 130720s2013----xo------------------slo-d
040 |a STU  |b slo 
041 0 |a slo 
044 |a xo 
100 1 |a Gencs, Gergely,  |d 1988-  |4 aut  |u V  |T SvF Stavebná fakulta  |X 49098  |U V  |Y 10  |7 A000049098 
242 0 0 |a Polifunction building  |y eng 
245 1 |a Bytový dom 
260 |a Bratislava :  |b STU v Bratislave SvF,  |c 2013 
650 7 |a building  |2 estusub 
650 7 |a budova  |2 stusub 
650 7 |a polyfunkcia  |2 stusub 
700 1 |a Vavrovič, Boris,  |d 1971-  |4 ths  |u V180  |U SvF Stavebná fakulta  |T SvF Katedra konštrukcií pozemných stavieb  |X 619  |U V180  |Y 18  |7 A000000619 
856 4 |a info a plný text  |u http://is.stuba.sk/zp/portal_zp.pl?podrobnosti=47766  |3 VAIS 
856 4 |a CRZP  |u https://opac.crzp.sk/?fn=detailBiblioForm&sid=0A8AE641E757DE606EB613A6A9A3